Normal view MARC view
  • COWAN , SHARON AND HUNT, A.C.

Entry Personal Name

Number of records used in: 1

001 - CONTROL NUMBER

  • control field: 6537

003 - CONTROL NUMBER IDENTIFIER

  • control field: OSt

005 - DATE AND TIME OF LATEST TRANSACTION

  • control field: 20210821144052.0

008 - FIXED-LENGTH DATA ELEMENTS

  • fixed length control field: 210821|| aca||aabn | a|a d

040 ## - CATALOGING SOURCE

  • Original cataloging agency: OSt
  • Transcribing agency: OSt

100 ## - HEADING--PERSONAL NAME

  • Personal name: COWAN , SHARON AND HUNT, A.C.

670 ## - SOURCE DATA FOUND

  • Source citation: Work cat.: (OSt): COWAN , SHARON AND HUNT, A.C., MASONS FORENSIC MEDICINE FOR LOWYERS, 2008